| 000 | 00940nam0a22003011 4500 | ||
|---|---|---|---|
| 001 | RU\NLR\A2V16\6038 | ||
| 005 | 20251203171251.9 | ||
| 035 | _a(NLR Aleph) 009809097 | ||
| 090 |
_a10207183 _c10207183 |
||
| 100 | _a19980715d1521 u y0rusy50 ca | ||
| 101 | 0 | _alit | |
| 102 | _aRU | ||
| 200 | 1 | _aPostilla totai esti triumpas ir prastas Ischguldimas Evangelium | |
| 210 |
_aIsspaude Karaliaucziuie [Kaliningrad] _d1521 |
||
| 215 | _d4° | ||
| 321 | 1 | _aIA | |
| 605 |
_aBiblia _iN.T. _iEvangelia |
||
| 620 | _dKaliningrad | ||
| 700 | 1 |
_6z01790 _aBretke _bJ. _f1536-1602 _gJohannes _4070 |
|
| 702 | 1 |
_aOsterberger _bJ. _gJurgis _4610 |
|
| 790 | 1 |
_6z01700 _aBretkun _gJan _4070 |
|
| 801 | 0 |
_aRU _bNLR _c19980715 |
|
| 852 |
_aNLR _j15.51.7.41 |
||
| 942 | _cBOOK | ||
| 980 | _aNB | ||
| 980 | _ain16 | ||